Journal of social marketing

Bibliographic Details
Format: Electronic Serial
Language:English
Published: Bingley, United Kingdom : Emerald Group Publishing
Subjects:
Online Access:Full text available from Research Library: 01/01/2011 to 1 year ago

MARC

LEADER 00000nas a2200000 a 4500
001 ssj0000813724
003 WaSeSS
005 20200512172242.0
006 m d
007 cr n
008 110707c20119999enktr s 0 a0eng c
010 |a  2013268505 
015 |a GBB3B7349  |2 bnb 
016 7 |a 015441887  |2 Uk 
016 7 |a 2589601-5  |2 DE-600 
022 |a 2042-6771  |l 2042-6763  |y 2042-6763 
035 |a (WaSeSS)ssj0000813724 
040 |a AU@  |b eng  |c AU@  |d SERSO  |d OCLCF  |d OCLCQ  |d DLC  |d NLE  |d UKMGB  |d U3W  |d WaSeSS 
042 |a pcc 
050 0 0 |a HF5414 
050 4 |a HF5414 
222 0 |a Journal of social marketing  |b (Online) 
245 0 0 |a Journal of social marketing  |h [electronic resource]. 
260 |a Bingley, United Kingdom :  |b Emerald Group Publishing 
310 |a Three issues a year 
362 1 |a Began with vol. 1, issue 1 (2011). 
506 |a License restrictions may limit access. 
525 |a Some issues published as special issues. 
588 |a Description based on: Vol. 1, issue 1 (2011), title from table of contents page (publisher's Web site, viewed Jan. 21, 2013). 
588 |a Latest issue consulted: Vol. 7, issue 1 (2017) (viewed Feb. 23, 2017). 
650 0 |a Social marketing  |v Periodicals. 
650 7 |a Social marketing.  |2 fast  |0 (OCoLC)fst01122635 
655 0 |a Electronic journals. 
776 0 8 |i Print version:  |t Journal of social marketing  |x 2042-6763  |w (OCoLC)721890956 
850 |a DLC 
856 4 0 |z Full text available from Research Library: 01/01/2011 to 1 year ago  |u https://search.proquest.com/publication/566297